00662cam a22001934a 4500020001800000020001500018022001300033040000800046082002600054100002000080245009300100260007600193300002700269490002700296650003000323650003900353700001900392856005700411 a9789251058855 a9251058857 a10146679 cDLC aFAO INT 2007 C136 Or.1 aMosoti, Victor.10aInternational trade rules and the agriculture sector :bselected implementation issues / aRome :bFood and Agriculture Organization of the United Nations,c2007. aviii, 429 p. ;c24 cm.0 aFAO legislative study, 0aForeign trade regulation. 0aAgricultural laws and legislation.1 aGobena, Ambra.41uhttp://www.loc.gov/catdir/toc/fy0804/2008372760.html